000 00393nam a2200121Ia 4500
008 150223s9999 xx 000 0 und d
020 _a9712709760
050 _aHQ755.8
_b.Y95 2000
100 _aYuson, Nina.
245 _aBuilding bridges :
_blearning and growing up with your kids /
_cNina Lim-Yuson, Ph.D.
260 _aPhilippines :
_bAnvil Publishing,
_c2000
300 _a233 pages :
_c23 cm.
999 _c283333
_d283333